[Event "EIBCC 2019"]
[Site "Tallinn"]
[Date "2019.12.07"]
[Round "15.15"]
[White "Potapov, Pavel"]
[Black "Lazavik, Denis"]
[Result "0-1"]
[WhiteElo "2464"]
[BlackElo "2222"]
[Annotator "ChessBase"]
[PlyCount "114"]
[EventDate "2019.12.06"]
[EventType "swiss"]
[EventCountry "EST"]
[SourceTitle "playchess.com"]
[Source "ChessBase"]
[SourceQuality "1"]

1. e4 e5 2. Nf3 Nc6 3. Bc4 Bc5 4. c3 Nf6 5. d4 exd4 6. e5 d5 7. Bb5 Ne4 8. cxd4 Bb6 9. Be3 O-O 10. Nc3 Bg4 11. h3 Bh5 12. Qc2 Bg6 13. Qb3 Ne7 14. O-O c6 15. Bd3 Nd2 16. Bxd2 Bxd3 17. Rfe1 Bf5 18. Bg5 Qd7 19. Na4 Nc8 20. Rac1 Be4 21. Nxb6 axb6 22. Nd2 Bg6 23. a3 b5 24. Qg3 Nb6 25. Nb3 Na4 26. Nc5 Nxc5 27. Rxc5 Ra4 28. Rd1 Rc4 29. Rxc4 dxc4 30. Qe3 Bd3 31. f3 h6 32. Bh4 b6 33. Bf2 Qd5 34. Re1 Bf5 35. Qf4 Be6 36. Kh2 c5 37. Qe3 Rc8 38. dxc5 bxc5 39. Qc3 Qb7 40. Rd1 b4 41. Qe3 c3 42. bxc3 bxa3 43. Qe1 a2 44. Ra1 Qb2 45. Be3 Rb8 46. c4 Bxc4 47. Bxc5 Bd3 48. Rd1 Bb1 49. Bd4 a1=Q 50. Bxb2 Qxb2 51. f4 Bf5 52. Rd6 Rc8 53. Qg3 Kh7 54. Ra6 Rc2 55. Ra4 Re2 56. e6 fxe6 57. Ra7 Be4 0-1

[Event "EIBCC 2019"]
[Site "Tallinn"]
[Date "2019.12.07"]
[Round "15.16"]
[White "Muter, Donny"]
[Black "Galopoulos, Nikolaos"]
[Result "0-1"]
[WhiteElo "2169"]
[BlackElo "2429"]
[Annotator "NA"]
[PlyCount "92"]
[EventDate "2019.12.06"]
[EventType "swiss"]
[EventCountry "EST"]
[SourceTitle "playchess.com"]
[Source "ChessBase"]
[SourceQuality "1"]

1. d4 Nf6 2. Nf3 g6 3. c4 Bg7 4. Nc3 d5 5. Qb3 dxc4 6. Qxc4 Be6 7. Qb5+ Bd7 8. Qb3 O-O 9. e3 c5 10. dxc5 Qc7 11. Be2 Na6 12. Bxa6 bxa6 13. O-O Qxc5 14. e4 Rab8 15. Qc2 Rb7 16. Be3 Qb4 17. Rab1 Rc8 18. Rfd1 Bg4 19. Rd4 Rc4 20. Rxc4 Qxc4 21. Nd2 Qc7 22. f3 Be6 23. Rc1 Nd7 24. Nb3 Qb8 25. Rd1 Rxb3 26. axb3 Bxb3 27. Qd2 Bxd1 28. Nxd1 Ne5 29. Qc2 h5 30. h4 Qb5 31. Nf2 Nc4 32. Bc1 Nxb2 33. Qc8+ Kh7 34. Qc7 Qc4 35. Qxc4 Nxc4 36. Nd3 a5 37. Kf1 a4 38. Nb4 a3 39. Ke2 a5 40. Na2 Bf6 41. Kd3 Nb2+ 42. Kc2 Bxh4 43. Kb3 Be1 44. Kxa3 Nd3 45. Be3 Ne5 46. Nc1 Nc4+ 0-1

[Event "EIBCC 2019"]
[Site "Tallinn"]
[Date "2019.12.07"]
[Round "15.17"]
[White "Kashtanov, Ruslan"]
[Black "Babula, Vlastimil"]
[Result "1-0"]
[WhiteElo "2302"]
[BlackElo "2605"]
[Annotator "ChessBase"]
[PlyCount "50"]
[EventDate "2019.12.06"]
[EventType "swiss"]
[EventCountry "EST"]
[SourceTitle "playchess.com"]
[Source "ChessBase"]
[SourceQuality "1"]

1. d4 Nf6 2. c4 e6 3. g3 Bb4+ 4. Nd2 c5 5. a3 Bxd2+ 6. Qxd2 cxd4 7. Qxd4 Nc6 8. Qh4 b6 9. Bg2 Bb7 10. Bg5 Rc8 11. Nh3 Na5 12. Bxb7 Rxc4 13. Bxf6 gxf6 14. Qh6 Nxb7 15. Nf4 Nd6 16. Qg7 Rf8 17. Rd1 Nf5 18. Qxh7 Qe7 19. O-O Qc5 20. Nh5 Qe5 21. f4 Qc5+ 22. Kh1 Qe7 23. Rc1 d5 24. b3 Rxc1 25. Rxc1 Kd7 1-0

[Event "EIBCC 2019"]
[Site "Tallinn"]
[Date "2019.12.07"]
[Round "15.18"]
[White "Ahvenjarvi, Jani"]
[Black "Hjartarson, Johann"]
[Result "0-1"]
[WhiteElo "2325"]
[BlackElo "2559"]
[Annotator "ChessBase"]
[PlyCount "76"]
[EventDate "2019.12.06"]
[EventType "swiss"]
[EventCountry "EST"]
[SourceTitle "playchess.com"]
[Source "ChessBase"]
[SourceQuality "1"]

1. e4 g6 2. d4 Bg7 3. Nc3 d6 4. f4 Nf6 5. Nf3 O-O 6. Bd3 Nc6 7. O-O e5 8. d5 Ne7 9. h3 c6 10. dxc6 Nxc6 11. Nd5 Nxd5 12. exd5 Ne7 13. fxe5 dxe5 14. c4 f5 15. Be2 e4 16. Ng5 h6 17. Ne6 Bxe6 18. dxe6 Qb6+ 19. Kh1 Qxe6 20. Qb3 b6 21. Be3 g5 22. c5 Qxb3 23. axb3 f4 24. Bc4+ Kh8 25. Bd2 Bxb2 26. Ra2 Bf6 27. c6 Nxc6 28. Bd5 Rac8 29. Bxe4 Rfd8 30. Rc1 Nd4 31. Rxc8 Rxc8 32. Rxa7 Nxb3 33. Bb4 Bd4 34. Rh7+ Kg8 35. h4 g4 36. Rxh6 Rc1+ 37. Kh2 Bg1+ 38. Kh1 Bf2+ 0-1

[Event "EIBCC 2019"]
[Site "Tallinn"]
[Date "2019.12.07"]
[Round "15.19"]
[White "Ruck, Robert"]
[Black "Lopusiewicz, Piotr"]
[Result "1-0"]
[WhiteElo "2541"]
[BlackElo "2301"]
[Annotator "ChessBase"]
[PlyCount "59"]
[EventDate "2019.12.06"]
[EventType "swiss"]
[EventCountry "EST"]
[SourceTitle "playchess.com"]
[Source "ChessBase"]
[SourceQuality "1"]

1. Nf3 Nf6 2. c4 e6 3. Nc3 d5 4. d4 a6 5. cxd5 exd5 6. Bg5 Be6 7. e3 Nbd7 8. Bd3 Bd6 9. Qc2 c6 10. Bh4 Qc7 11. Bg3 Bxg3 12. hxg3 h6 13. O-O-O O-O-O 14. Kb1 Kb8 15. Rc1 Rhe8 16. Ne2 Qd6 17. Nf4 Rc8 18. Qb3 Ka8 19. Rc2 Ne4 20. Rhc1 Bg4 21. Nxd5 Nxf2 22. Bxa6 bxa6 23. Nb6+ Nxb6 24. Qxb6 Bf5 25. Qxa6+ Kb8 26. Qb6+ Ka8 27. Qa5+ Kb8 28. Qxf5 Ne4 29. Ne5 Qd5 30. Nxc6+ 1-0

[Event "EIBCC 2019"]
[Site "Tallinn"]
[Date "2019.12.07"]
[Round "15.20"]
[White "Dragnev, Valentin"]
[Black "Dragicevic, Drazen"]
[Result "1-0"]
[WhiteElo "2523"]
[BlackElo "2300"]
[Annotator "ChessBase"]
[PlyCount "87"]
[EventDate "2019.12.06"]
[EventType "swiss"]
[EventCountry "EST"]
[SourceTitle "playchess.com"]
[Source "ChessBase"]
[SourceQuality "1"]

1. d4 c5 2. d5 e5 3. Nc3 d6 4. e4 a6 5. a4 Be7 6. Nf3 Bg4 7. Be3 Bxf3 8. Qxf3 Bg5 9. Qg4 h6 10. h4 Bxe3 11. Qxg7 Bxf2+ 12. Kxf2 Qf6+ 13. Qxf6 Nxf6 14. Be2 Ke7 15. g4 Rg8 16. Rag1 Nh7 17. Nd1 Rg6 18. Ne3 Nd7 19. Nf5+ Kd8 20. g5 hxg5 21. Bh5 Ndf6 22. Bxg6 fxg6 23. Nxd6 Kc7 24. hxg5 Nh5 25. Nc4 Rf8+ 26. Ke3 Re8 27. a5 Kd7 28. c3 Re7 29. b4 cxb4 30. cxb4 Ke8 31. Nd6+ Kf8 32. Nf5 Rc7 33. Rxh5 gxh5 34. g6 Nf6 35. g7+ Kg8 36. Nh6+ Kh7 37. g8=Q+ Nxg8 38. Nxg8 Rc3+ 39. Kd2 Rf3 40. d6 Rf7 41. Ke3 h4 42. Ne7 Kh6 43. Nf5+ Kh5 44. Rh1 1-0

[Event "EIBCC 2019"]
[Site "Tallinn"]
[Date "2019.12.07"]
[Round "15.21"]
[White "Schneider, Ilja"]
[Black "Khakimov, Timur"]
[Result "1/2-1/2"]
[WhiteElo "2483"]
[BlackElo "2287"]
[Annotator "ChessBase"]
[PlyCount "79"]
[EventDate "2019.12.06"]
[EventType "swiss"]
[EventCountry "EST"]
[SourceTitle "playchess.com"]
[Source "ChessBase"]
[SourceQuality "1"]

1. d4 d5 2. c4 c6 3. Nf3 Nf6 4. Nc3 a6 5. e3 b5 6. b3 Bg4 7. h3 Bxf3 8. Qxf3 e6 9. Bd3 Bb4 10. Bd2 Nbd7 11. O-O O-O 12. Qe2 dxc4 13. bxc4 e5 14. a4 bxa4 15. Nxa4 Bxd2 16. Qxd2 exd4 17. exd4 Re8 18. Rfe1 Qc7 19. c5 Rxe1+ 20. Qxe1 Nd5 21. Nb2 a5 22. Nc4 a4 23. Nd6 N7f6 24. Ra3 Qb8 25. Qa1 Qb4 26. Bc2 Ne8 27. Rxa4 Rxa4 28. Qxa4 Qe1+ 29. Kh2 Qxf2 30. Nxe8 Ne3 31. Qxc6 Nf1+ 32. Kh1 Ng3+ 33. Kh2 Ne2 34. Nf6+ gxf6 35. Qc8+ Kg7 36. Qg4+ Kh8 37. Qc8+ Kg7 38. Qg4+ Kh8 39. Qc8+ Kg7 40. Qg4+ 1/2-1/2

[Event "EIBCC 2019"]
[Site "Tallinn"]
[Date "2019.12.07"]
[Round "15.22"]
[White "Ladva, Ottomar"]
[Black "Saveliev, Alexei"]
[Result "1-0"]
[WhiteElo "2457"]
[BlackElo "2279"]
[Annotator "ChessBase"]
[PlyCount "45"]
[EventDate "2019.12.06"]
[EventType "swiss"]
[EventCountry "EST"]
[SourceTitle "playchess.com"]
[Source "ChessBase"]
[SourceQuality "1"]

1. Nf3 c5 2. c4 Nc6 3. Nc3 e5 4. e3 Nf6 5. d4 e4 6. d5 exf3 7. dxc6 bxc6 8. Qxf3 d5 9. cxd5 cxd5 10. Bb5+ Bd7 11. Bxd7+ Qxd7 12. O-O Be7 13. Rd1 Rd8 14. Nxd5 Nxd5 15. e4 O-O 16. exd5 Bf6 17. Rb1 Bd4 18. Be3 Qxd5 19. Qxd5 Rxd5 20. b4 Rfd8 21. bxc5 Bxc5 22. Rxd5 Rxd5 23. Bxc5 1-0

[Event "EIBCC 2019"]
[Site "Tallinn"]
[Date "2019.12.07"]
[Round "15.23"]
[White "Ortega Ruiz, Jose Miguel"]
[Black "Belyakov, Bogdan"]
[Result "0-1"]
[WhiteElo "2272"]
[BlackElo "2431"]
[Annotator "NA"]
[PlyCount "130"]
[EventDate "2019.12.06"]
[EventType "swiss"]
[EventCountry "EST"]
[SourceTitle "playchess.com"]
[Source "ChessBase"]
[SourceQuality "1"]

1. d4 Nf6 2. c4 g6 3. Nc3 Bg7 4. e4 d6 5. Nf3 O-O 6. Be2 e5 7. dxe5 dxe5 8. Qxd8 Rxd8 9. Bg5 Re8 10. O-O-O h6 11. Bh4 Na6 12. Ne1 Nc5 13. f3 c6 14. Bf2 Ne6 15. Nc2 Nf4 16. Bf1 Bf8 17. b4 a5 18. a3 axb4 19. axb4 Nd7 20. Kb2 b6 21. g3 Ne6 22. Be2 c5 23. b5 Nd4 24. Nxd4 cxd4 25. Nd5 Ba3+ 26. Kc2 Bd6 27. Ra1 Bb7 28. Bd3 Kg7 29. Kb2 Nc5 30. Bc2 Bxd5 31. cxd5 Ra5 32. Rxa5 bxa5 33. Ka2 Rc8 34. Rb1 Nd7 35. Bd1 Nb6 36. Be1 Kf6 37. Bd2 h5 38. h4 Ke7 39. Rc1 Rb8 40. Rc6 Nc8 41. Be2 Na7 42. Rc2 Nxb5 43. Rb2 Nc3+ 44. Bxc3 dxc3 45. Rxb8 Bxb8 46. Kb3 Ba7 47. Kxc3 Bf2 48. g4 Bxh4 49. gxh5 gxh5 50. Bf1 Kd6 51. Kc4 Be1 52. Kb5 Bb4 53. Bh3 f6 54. Bf5 h4 55. Bh3 Kc7 56. Bg4 Kd8 57. Bh3 Ke7 58. Bg4 Kf7 59. Bh3 Kg6 60. Kc6 Kg5 61. d6 Bxd6 62. Kxd6 a4 63. Be6 a3 64. Kc5 h3 65. Bxh3 a2 0-1

[Event "EIBCC 2019"]
[Site "Tallinn"]
[Date "2019.12.07"]
[Round "15.24"]
[White "Shapiro, Viktor"]
[Black "Zelbel, Patrick"]
[Result "1-0"]
[WhiteElo "2267"]
[BlackElo "2425"]
[Annotator "NA"]
[PlyCount "93"]
[EventDate "2019.12.06"]
[EventType "swiss"]
[EventCountry "EST"]
[SourceTitle "playchess.com"]
[Source "ChessBase"]
[SourceQuality "1"]

1. Nf3 c5 2. c4 Nc6 3. g3 g6 4. Bg2 Bg7 5. Nc3 e6 6. O-O Nge7 7. d3 O-O 8. a3 a5 9. Bd2 d5 10. Rb1 b6 11. h4 h6 12. b3 Bb7 13. Qc1 Kh7 14. Rd1 Nf5 15. Nb5 Rc8 16. e3 Qe7 17. Bc3 d4 18. exd4 Ncxd4 19. Nbxd4 cxd4 20. Bd2 Bc6 21. Re1 Qb7 22. Qd1 Rfe8 23. b4 axb4 24. Rxb4 Bf8 25. Rb3 Ra8 26. Bb4 Bg7 27. Rb1 e5 28. Kh2 e4 29. dxe4 Bxe4 30. Rc1 Bc6 31. Rxe8 Rxe8 32. c5 b5 33. Qd3 Ne3 34. fxe3 Rxe3 35. Qf1 Bxf3 36. c6 Qc7 37. Bxf3 Be5 38. Qg2 d3 39. Re1 Rxe1 40. Bxe1 Qd6 41. Bd2 Bf6 42. Be4 Bxh4 43. Qf3 Bf6 44. Qxd3 Qc7 45. Qd7 Qe5 46. Qxf7+ Kh8 47. Qxg6 1-0

[Event "EIBCC 2019"]
[Site "Tallinn"]
[Date "2019.12.07"]
[Round "15.25"]
[White "Shvyrjov, Igor"]
[Black "Shubin, Kirill"]
[Result "0-1"]
[WhiteElo "2273"]
[BlackElo "2401"]
[Annotator "NA"]
[PlyCount "70"]
[EventDate "2019.12.06"]
[EventType "swiss"]
[EventCountry "EST"]
[SourceTitle "playchess.com"]
[Source "ChessBase"]
[SourceQuality "1"]

1. d4 e6 2. Nf3 Nf6 3. g3 b5 4. Bg2 Bb7 5. O-O c5 6. Bg5 Be7 7. c3 O-O 8. Nbd2 cxd4 9. cxd4 d6 10. a4 b4 11. Re1 Nbd7 12. e4 h6 13. Bf4 a5 14. Rc1 Nb6 15. b3 Qd7 16. Qc2 Rfc8 17. Qb1 Rc3 18. Bxd6 Bxd6 19. e5 Rac8 20. exf6 gxf6 21. Rcd1 Be7 22. Ne4 Bxe4 23. Rxe4 f5 24. Re5 Nd5 25. Nd2 Bf6 26. Re2 R3c7 27. Nc4 Nc3 28. Qd3 Qxd4 29. Re3 Nxd1 30. Qxd4 Bxd4 31. Rd3 Nb2 32. Rxd4 Nxc4 33. bxc4 Rxc4 34. Rd7 b3 35. Rd3 b2 0-1

[Event "EIBCC 2019"]
[Site "Tallinn"]
[Date "2019.12.07"]
[Round "15.26"]
[White "Chibukhchyan, Erik"]
[Black "Sysolyatin, Evgeny"]
[Result "1/2-1/2"]
[WhiteElo "2230"]
[BlackElo "2396"]
[Annotator "NA"]
[PlyCount "101"]
[EventDate "2019.12.06"]
[EventType "swiss"]
[EventCountry "EST"]
[SourceTitle "playchess.com"]
[Source "ChessBase"]
[SourceQuality "1"]

1. e4 e5 2. Nf3 Nc6 3. Bb5 Nge7 4. c3 a6 5. Ba4 g6 6. O-O Bg7 7. d4 exd4 8. cxd4 b5 9. Bc2 O-O 10. Nc3 d6 11. h3 Nb4 12. Bb3 c5 13. a3 Nbc6 14. Be3 c4 15. Bc2 h6 16. d5 Nb8 17. Qd2 Kh7 18. Nd4 Nd7 19. f4 Bb7 20. Rae1 Bxd4 21. Qxd4 f5 22. e5 Ng8 23. Bf2 Qe7 24. exd6 Qg7 25. Qd2 Rfe8 26. Re6 Nf8 27. Rxe8 Rxe8 28. Re1 Rd8 29. Bd4 Qf7 30. Bc5 Nd7 31. Bb4 Re8 32. Rxe8 Qxe8 33. Kf2 Ngf6 34. Qd4 Kg8 35. Ba5 Kf7 36. Bc7 h5 37. b3 cxb3 38. Bxb3 Ne4+ 39. Nxe4 Qxe4 40. Qxe4 fxe4 41. Ke3 Nf6 42. Kd4 Ke8 43. Ba5 Kd7 44. Bb4 e3 45. Kxe3 Nxd5+ 46. Bxd5 Bxd5 47. g4 hxg4 48. hxg4 Be6 49. Kf3 a5 50. Bxa5 Kxd6 51. Bb4+ 1/2-1/2

[Event "EIBCC 2019"]
[Site "Tallinn"]
[Date "2019.12.07"]
[Round "15.27"]
[White "Kozak, Adam"]
[Black "Poznyak, Nazar"]
[Result "1-0"]
[WhiteElo "2385"]
[BlackElo "2211"]
[Annotator "NA"]
[PlyCount "141"]
[EventDate "2019.12.06"]
[EventType "swiss"]
[EventCountry "EST"]
[SourceTitle "playchess.com"]
[Source "ChessBase"]
[SourceQuality "1"]

1. Nf3 Nf6 2. g3 b6 3. Bg2 Bb7 4. O-O e6 5. d4 c5 6. c4 cxd4 7. Qxd4 Nc6 8. Qf4 Qb8 9. Nc3 Bd6 10. Qd2 O-O 11. b3 Rd8 12. Bb2 Ne5 13. Rad1 Nxf3+ 14. exf3 Be7 15. Ne4 Ne8 16. Qe2 d5 17. cxd5 Rxd5 18. f4 Rxd1 19. Rxd1 Bd5 20. Rxd5 exd5 21. Nc3 Qd8 22. Nxd5 Bc5 23. Ne7+ Kf8 24. Bxa8 Qxa8 25. Nf5 Qd5 26. Ne3 Qe4 27. Qc2 Qf3 28. Qd3 h6 29. Bd4 Be7 30. Qc3 Bf6 31. Bxf6 Nxf6 32. Qc8+ Ne8 33. Qc2 Nd6 34. Qd3 Ne8 35. a4 Kg8 36. h4 Nf6 37. Qd1 Qe4 38. Qd8+ Kh7 39. Qd1 Qb4 40. Qd3+ g6 41. f5 Ne4 42. fxg6+ fxg6 43. Qd7+ Kh8 44. Qe8+ Kg7 45. Qd7+ Kh8 46. Qd8+ Kg7 47. Qc7+ Kg8 48. Qf4 Qd4 49. Kg2 Qd3 50. Ng4 h5 51. Ne5 Qd5 52. Nf3 Kg7 53. Kg1 Qd1+ 54. Kg2 Qd5 55. Qe5+ Qxe5 56. Nxe5 Nc5 57. Nc6 Nxb3 58. Nxa7 Nc5 59. Nb5 Nxa4 60. Kf3 Nc5 61. Kf4 Kf6 62. f3 Nd3+ 63. Ke3 Ne5 64. Nc3 Nd7 65. Kf4 Ke6 66. Kg5 Kf7 67. f4 Nf6 68. f5 gxf5 69. Kxf5 Ne8 70. Nb5 Ng7+ 71. Kg5 1-0

[Event "EIBCC 2019"]
[Site "Tallinn"]
[Date "2019.12.07"]
[Round "15.28"]
[White "Sorensen, Hampus"]
[Black "Dorokhin, Mykhailo"]
[Result "1/2-1/2"]
[WhiteElo "2196"]
[BlackElo "2364"]
[Annotator "NA"]
[PlyCount "43"]
[EventDate "2019.12.06"]
[EventType "swiss"]
[EventCountry "EST"]
[SourceTitle "playchess.com"]
[Source "ChessBase"]
[SourceQuality "1"]

1. d4 d5 2. c4 e6 3. Nf3 Nf6 4. Bg5 Nbd7 5. e3 c6 6. Qc2 Qa5+ 7. Nbd2 Ne4 8. Bf4 Bb4 9. a3 g5 10. Bg3 g4 11. Qc1 gxf3 12. axb4 Qxb4 13. gxf3 Nxd2 14. Qxd2 Qxd2+ 15. Kxd2 dxc4 16. Bxc4 Ke7 17. Rhg1 b6 18. Bh4+ Kf8 19. Bg3 Ke7 20. Bh4+ Kf8 21. Bg3 Ke7 22. Bh4+ 1/2-1/2

[Event "EIBCC 2019"]
[Site "Tallinn"]
[Date "2019.12.07"]
[Round "15.29"]
[White "Azimov, Ilyas"]
[Black "D`Costa, Lorin"]
[Result "1-0"]
[WhiteElo "2183"]
[BlackElo "2361"]
[Annotator "NA"]
[PlyCount "93"]
[EventDate "2019.12.06"]
[EventType "swiss"]
[EventCountry "EST"]
[SourceTitle "playchess.com"]
[Source "ChessBase"]
[SourceQuality "1"]

1. e4 c5 2. Nf3 d6 3. d4 cxd4 4. Nxd4 Nf6 5. Nc3 a6 6. Nb3 Nc6 7. Be2 e6 8. f3 Be7 9. Be3 Qc7 10. Qd2 b5 11. a3 Bb7 12. O-O-O Rc8 13. Kb1 O-O 14. h4 Rfd8 15. g4 d5 16. exd5 Nxd5 17. Nxd5 Rxd5 18. Qc3 Bf6 19. Qe1 Ne5 20. c3 Rxd1+ 21. Qxd1 Rd8 22. Qg1 Nc4 23. Bc1 Nxa3+ 24. bxa3 Qxc3 25. Qe3 Qc7 26. g5 Bc3 27. Rd1 Rc8 28. Qd3 Bd5 29. Nd2 b4 30. Ne4 Be5 31. axb4 Rb8 32. Bd2 a5 33. b5 Qe7 34. Rc1 a4 35. Qc2 g6 36. Nf6+ Bxf6 37. gxf6 Qxf6 38. Bc3 Qf4 39. Qd2 Qf5+ 40. Qc2 Qf4 41. Qd2 Qf5+ 42. Qd3 Qf4 43. Qd4 Qxd4 44. Bxd4 f5 45. Be5 Rb7 46. Rc8+ Kf7 47. Rc7+ 1-0

[Event "EIBCC 2019"]
[Site "Tallinn"]
[Date "2019.12.07"]
[Round "15.30"]
[White "Vasiliev, Georgiy"]
[Black "Blohberger, Felix"]
[Result "1/2-1/2"]
[WhiteElo "2126"]
[BlackElo "2330"]
[Annotator "NA"]
[PlyCount "81"]
[EventDate "2019.12.06"]
[EventType "swiss"]
[EventCountry "EST"]
[SourceTitle "playchess.com"]
[Source "ChessBase"]
[SourceQuality "1"]

1. d4 Nf6 2. Nf3 e6 3. c4 Bb4+ 4. Nbd2 O-O 5. g3 b6 6. Bg2 Bb7 7. O-O d5 8. a3 Be7 9. Qc2 Nbd7 10. cxd5 exd5 11. Ne5 c5 12. Nxd7 Qxd7 13. dxc5 bxc5 14. b3 Rab8 15. Bb2 d4 16. Nf3 Be4 17. Qd1 Qb7 18. b4 cxb4 19. axb4 Qxb4 20. Bxd4 a5 21. Qa4 Rfd8 22. e3 Qb7 23. Nh4 Bxg2 24. Nxg2 Ra8 25. Rfb1 Qf3 26. Nh4 Qe4 27. Bc3 Qxa4 28. Rxa4 Rd5 29. Rba1 Bd8 30. Ng2 h6 31. Nf4 Rb5 32. Ne2 Nd5 33. Bd4 Rb4 34. Rxb4 Nxb4 35. Bc3 Rc8 36. Kg2 f6 37. Ra4 Rb8 38. Nd4 Rb7 39. Nb3 Rb5 40. Nd4 Rb7 41. Nb3 1/2-1/2

[Event "EIBCC 2019"]
[Site "Tallinn"]
[Date "2019.12.07"]
[Round "15.31"]
[White "Babanin, Gleb"]
[Black "Putka, Verners"]
[Result "0-1"]
[WhiteElo "2201"]
[BlackElo "2448"]
[Annotator "NA"]
[PlyCount "64"]
[EventDate "2019.12.06"]
[EventType "swiss"]
[EventCountry "EST"]
[SourceTitle "playchess.com"]
[Source "ChessBase"]
[SourceQuality "1"]

1. e4 e5 2. Nf3 Nf6 3. Nc3 Bb4 4. a3 Bxc3 5. dxc3 Nc6 6. Bg5 h6 7. Bh4 d6 8. Bd3 Be6 9. Qe2 Qe7 10. O-O-O O-O-O 11. Nd2 g5 12. Bg3 Nd7 13. Nc4 Nc5 14. Ne3 Qd7 15. f3 Kb8 16. h4 Ne7 17. h5 a6 18. Bf2 Qa4 19. g4 Nc8 20. Nf5 Bxf5 21. exf5 f6 22. Bxc5 dxc5 23. Be4 Nb6 24. Rd3 c4 25. Rd2 Rxd2 26. Qxd2 Qb5 27. Qe2 Rd8 28. b3 Rd6 29. Re1 Qc5 30. Kb2 Qb5 31. Ka2 a5 32. Rd1 cxb3+ 0-1

[Event "EIBCC 2019"]
[Site "Tallinn"]
[Date "2019.12.07"]
[Round "15.32"]
[White "Troyke, Christian"]
[Black "Mohr, Georg"]
[Result "0-1"]
[WhiteElo "2247"]
[BlackElo "2458"]
[Annotator "ChessBase"]
[PlyCount "49"]
[EventDate "2019.12.06"]
[EventType "swiss"]
[EventCountry "EST"]
[SourceTitle "playchess.com"]
[Source "ChessBase"]
[SourceQuality "1"]

1. g3 g6 2. Bg2 Bg7 3. d4 c5 4. c3 Qc7 5. Nf3 Nf6 6. O-O O-O 7. Nbd2 d6 8. e4 cxd4 9. cxd4 Nc6 10. Re1 Nb4 11. e5 Ne8 12. exd6 Nxd6 13. Rf1 Nc2 14. Rb1 Nxd4 15. Nxd4 Bxd4 16. Nb3 Bg7 17. Bf4 Bf5 18. Rc1 Qb6 19. Be3 Qa6 20. Nc5 Qxa2 21. Nxb7 Nxb7 22. Bxb7 Rab8 23. Ra1 Qxb2 24. Rxa7 Rxb7 25. Ra4 0-1

[Event "EIBCC 2019"]
[Site "Tallinn"]
[Date "2019.12.07"]
[Round "15.33"]
[White "Pohjala, Henri"]
[Black "Dordzhieva, Dinara"]
[Result "1-0"]
[WhiteElo "2447"]
[BlackElo "2222"]
[Annotator "NA"]
[PlyCount "73"]
[EventDate "2019.12.06"]
[EventType "swiss"]
[EventCountry "EST"]
[SourceTitle "playchess.com"]
[Source "ChessBase"]
[SourceQuality "1"]

1. d4 Nf6 2. Bg5 e6 3. Nf3 d5 4. e3 h6 5. Bf4 c5 6. Nbd2 Nc6 7. c3 Bd6 8. Bg3 O-O 9. Bd3 Qe7 10. Ne5 Qc7 11. f4 Ne7 12. O-O b6 13. Qf3 a5 14. Rfe1 Bb7 15. Bf2 h5 16. Bh4 Nf5 17. Bxf6 gxf6 18. Qxh5 fxe5 19. fxe5 Bxe5 20. dxe5 Qxe5 21. e4 dxe4 22. Bxe4 Qf4 23. Bxb7 Rab8 24. Be4 Qxd2 25. Bxf5 exf5 26. Qxf5 Rfe8 27. Rf1 Re7 28. h3 Qe3+ 29. Kh1 Qe5 30. Qg4+ Qg7 31. Qf4 Rbe8 32. Rf3 Re4 33. Qc7 Re1+ 34. Rxe1 Rxe1+ 35. Kh2 Qe5+ 36. Rg3+ Kh7 37. Qxf7+ 1-0

[Event "EIBCC 2019"]
[Site "Tallinn"]
[Date "2019.12.07"]
[Round "15.34"]
[White "Aleksandrov, Aleksej"]
[Black "Bru Rullo, Llatzer"]
[Result "1-0"]
[WhiteElo "2416"]
[BlackElo "2242"]
[Annotator "NA"]
[PlyCount "70"]
[EventDate "2019.12.06"]
[EventType "swiss"]
[EventCountry "EST"]
[SourceTitle "playchess.com"]
[Source "ChessBase"]
[SourceQuality "1"]

1. d4 Nf6 2. c4 e6 3. Nc3 Bb4 4. e3 O-O 5. Bd3 d5 6. cxd5 exd5 7. Nge2 Re8 8. Bd2 c5 9. a3 Bxc3 10. Bxc3 c4 11. Bc2 b5 12. a4 bxa4 13. O-O Bg4 14. f3 Bh5 15. Bd2 Nbd7 16. Nf4 Bg6 17. Nxg6 hxg6 18. Rxa4 Qc7 19. Re1 Qb6 20. Qa1 Re6 21. Qa3 a6 22. b3 cxb3 23. Qxb3 Qxb3 24. Bxb3 Nb6 25. Raa1 Nc4 26. Bxc4 dxc4 27. e4 Rc6 28. Rec1 Nd7 29. d5 Rcc8 30. Ra4 Ne5 31. h3 Rcb8 32. Rc2 Rb1+ 33. Kh2 Rf1 34. Bf4 Nd3 35. Bg3 Rb1 1-0

[Event "EIBCC 2019"]
[Site "Tallinn"]
[Date "2019.12.07"]
[Round "15.35"]
[White "Volodin, Aleksandr"]
[Black "Kunitson, Nikolai"]
[Result "1/2-1/2"]
[WhiteElo "2401"]
[BlackElo "2241"]
[Annotator "NA"]
[PlyCount "121"]
[EventDate "2019.12.06"]
[EventType "swiss"]
[EventCountry "EST"]
[SourceTitle "playchess.com"]
[Source "ChessBase"]
[SourceQuality "1"]

1. d4 d6 2. Nf3 g6 3. g3 Bg7 4. Bg2 Nf6 5. O-O O-O 6. c4 c6 7. Nc3 Qc7 8. Qc2 e5 9. dxe5 dxe5 10. e4 a5 11. h3 Na6 12. Be3 Be6 13. a3 Bxc4 14. Rfc1 Rfd8 15. Ne1 Be6 16. Na4 Nd7 17. Nd3 Rac8 18. b4 axb4 19. axb4 b5 20. Nac5 Naxc5 21. Nxc5 Nxc5 22. Bxc5 Ra8 23. Kh2 Bc4 24. Bf1 Bxf1 25. Rxf1 Bf8 26. Bxf8 Rxf8 27. Qc5 Rfd8 28. Rxa8 Rxa8 29. Rd1 Re8 30. Kg2 Kg7 31. h4 h5 32. Rd6 Re6 33. Rd3 Qe7 34. Qxe7 Rxe7 35. Rc3 Re6 36. Kf3 Kf6 37. Ke3 Rd6 38. f4 Ke6 39. fxe5 Kxe5 40. Rc5+ Ke6 41. Kf4 f6 42. g4 hxg4 43. Kxg4 Kd7 44. h5 gxh5+ 45. Rxh5 Rd4 46. Kf5 Rxb4 47. Rh7+ Kd6 48. Rf7 Rb1 49. Rxf6+ Kd7 50. Rf7+ Kd8 51. Rb7 b4 52. e5 c5 53. e6 c4 54. e7+ Ke8 55. Ke6 Re1+ 56. Kd6 b3 57. Rb4 c3 58. Rb8+ Kf7 59. Rxb3 c2 60. Rf3+ Kg7 61. Rc3 1/2-1/2

[Event "EIBCC 2019"]
[Site "Tallinn"]
[Date "2019.12.07"]
[Round "15.36"]
[White "Krutti, Valer"]
[Black "Paakkonen, Timo"]
[Result "1/2-1/2"]
[WhiteElo "2379"]
[BlackElo "2216"]
[Annotator "NA"]
[PlyCount "126"]
[EventDate "2019.12.06"]
[EventType "swiss"]
[EventCountry "EST"]
[SourceTitle "playchess.com"]
[Source "ChessBase"]
[SourceQuality "1"]

1. c4 Nc6 2. d4 e5 3. d5 Nce7 4. Nc3 Ng6 5. Nf3 Nf6 6. g3 Bb4 7. Bd2 Bxc3 8. Bxc3 d6 9. Nd2 O-O 10. Bg2 Bf5 11. O-O Qe7 12. e4 Bg4 13. f3 Bd7 14. b4 b6 15. Nb3 h6 16. Qd2 Nh7 17. Rad1 f5 18. c5 fxe4 19. fxe4 Ng5 20. Qe3 Bg4 21. Rde1 Bh3 22. Bxh3 Nxh3+ 23. Kg2 Ng5 24. h4 Nh7 25. Qe2 Nxh4+ 26. gxh4 Qxh4 27. Nd2 Rf4 28. Rxf4 exf4 29. Nf3 Qg3+ 30. Kf1 Ng5 31. Nxg5 hxg5 32. Bd4 f3 33. Qf2 Qh3+ 34. Kg1 Rf8 35. Qh2 Qg4+ 36. Kf2 Re8 37. Qg3 Rxe4 38. Qxg4 Rxg4 39. Ke3 Rg3 40. Kf2 Rg4 41. Be3 Rxb4 42. cxd6 cxd6 43. Kxf3 Ra4 44. Re2 Kf7 45. Bxg5 Ra5 46. Rd2 b5 47. Bf4 Ke7 48. Ke4 g6 49. Be3 Ra4+ 50. Bd4 Ra3 51. Rc2 Kd7 52. Rf2 a5 53. Rf7+ Ke8 54. Rb7 b4 55. Ra7 Rxa2 56. Kf4 b3 57. Kg5 Rd2 58. Bf6 Rxd5+ 59. Kxg6 Rd1 60. Re7+ Kf8 61. Ra7 Ke8 62. Re7+ Kf8 63. Ra7 Ke8 1/2-1/2